Les personnages #1 StarWars Episode IV V VI - Statistiques

Statistiques générales
  • Ce quiz a été pris 731 fois
    686 depuis la dernière actualisation
  • Le résultat moyen est 10 sur 12
Statistiques - réponses
Présentation du personnage Personnage % Correct
Un vieux maître Jedi, petit, et vert... Yoda
97%
Le Personnage principal Luke Skywalker
96%
Un droïde blanc et bleu R2D2
96%
Un seigneur sith avec un masque Dark Vador
95%
Un Contrebandier qui pilote le Faucon Millenium Han Solo
95%
Une Princesse Leia Organa
94%
Un sénateur qui a formé un seigneur sith Dark Sidious
90%
Un vieux maître Jedi Ben Kenobi
89%
Un Wookie Chewbacca
87%
Une limace géante Jabba The Hutt
80%
Chef de la cité des nuages et ami du contrebandier Lando Calrissian
68%
Un droïde humanoïde doré Z-6PO
28%
Aucun quiz correspondant
Distribution des résultats
% des personnes avec chaque résultat
Percentile par nombre de réponses
Votre historique - résultats
Vous n’avez pas pris ce quiz depuis la dernière actualisation